New German Critique

Manylion Llyfryddiaeth
Fformat: Electronig Cylchgrawn
Iaith:English
Cyhoeddwyd: Duke University Press
Pynciau:
Mynediad Ar-lein:Full text available on JSTOR[1973-12-01 - 2017-11-01]
Off-campus access
LEADER 01006cas a2200217 a 4500
001 AALejournalJSTOR001881
008 230228c9999 xx r poo 0 0eng d
022 |a 0094-033X 
022 |a 1558-1462 
040 |a BD-DhAAL  |c BD-DhAAL 
245 0 0 |h [electronic resource]  |a New German Critique 
260 |b Duke University Press 
300 |a 1 online resource 
362 0 |a no. 1 
500 |a <strong>Off-Campus Access:</strong> Athens ID and Password Required 
500 |a <strong>On-Campus Access:</strong> No User ID or Password Required 
506 |a Electronic access restricted to authorized BRAC University faculty, staff and students 
538 |a Mode of access: Internet 
650 4 |a Cultural Studies ; Humanities ; Language & Literature ; Social Sciences 
856 4 0 |z Full text available on JSTOR[1973-12-01 - 2017-11-01]  |u https://www.jstor.org/journal/newgermcrit 
856 4 0 |z Off-campus access  |u https://go.openathens.net/redirector/bracu.ac.bd?url=https%3A%2F%2Fwww.jstor.org%2Fjournal%2Fnewgermcrit